Monetary economics / (Record no. 7608)
[ view plain ]
| 000 -LEADER | |
|---|---|
| fixed length control field | 00833cam a2200301 4500 |
| 001 - CONTROL NUMBER | |
| control field | 8776 |
| 005 - DATE AND TIME OF LATEST TRANSACTION | |
| control field | 20181127190711.0 |
| 008 - FIXED-LENGTH DATA ELEMENTS--GENERAL INFORMATION | |
| fixed length control field | 080214s2009 enka b 001 0 eng |
| 010 ## - LIBRARY OF CONGRESS CONTROL NUMBER | |
| LC control number | 2008006924 |
| 020 ## - INTERNATIONAL STANDARD BOOK NUMBER | |
| International Standard Book Number | 0203892402 (ebk.) |
| International Standard Book Number | 0415772095 |
| International Standard Book Number | 0415772109 (pbk.) |
| International Standard Book Number | 9780203892404 (ebk.) |
| International Standard Book Number | 9780415772099 |
| International Standard Book Number | 9780415772105 (pbk.) |
| 082 00 - DEWEY DECIMAL CLASSIFICATION NUMBER | |
| Classification number | 332.4 |
| Edition number | 22 |
| 100 1# - MAIN ENTRY--PERSONAL NAME | |
| Personal name | Handa, Jagdish. |
| 245 10 - TITLE STATEMENT | |
| Title | Monetary economics / |
| Statement of responsibility, etc. | Jagdish Handa. |
| 250 ## - EDITION STATEMENT | |
| Edition statement | 2nd ed. |
| 260 ## - PUBLICATION, DISTRIBUTION, ETC. | |
| Place of publication, distribution, etc. | London ; |
| -- | New York : |
| Name of publisher, distributor, etc. | Routledge, |
| Date of publication, distribution, etc. | 2009. |
| 300 ## - PHYSICAL DESCRIPTION | |
| Extent | xxvii, 842 p. : |
| Other physical details | ill. ; |
| Dimensions | 26 cm. |
| 504 ## - BIBLIOGRAPHY, ETC. NOTE | |
| Bibliography, etc. note | Includes bibliographical references and index. |
| 650 #0 - SUBJECT ADDED ENTRY--TOPICAL TERM | |
| Topical term or geographic name entry element | Banks and banking. |
| Topical term or geographic name entry element | Macroeconomics. |
| Topical term or geographic name entry element | Monetary policy. |
| Topical term or geographic name entry element | Money supply. |
| Topical term or geographic name entry element | Money. |
| Withdrawn status | Lost status | Source of classification or shelving scheme | Damaged status | Not for loan | Collection code | Home library | Current library | Shelving location | Date acquired | Serial Enumeration / chronology | Inventory number | Total Checkouts | Total Renewals | Full call number | Barcode | Date last seen | Date last checked out | Price effective from | Koha item type |
|---|---|---|---|---|---|---|---|---|---|---|---|---|---|---|---|---|---|---|---|
| Dewey Decimal Classification | Main TEST | RTC Library | RTC Library | Main opac | 04/08/2022 | 13270 | 5 | 8 | 332.4 HAN | 30013268 | 17/08/2023 | 17/09/2022 | 27/11/2018 | Main |